Les corporations allemandes d'étudiants
Gardado en:
| Autor Principal: | |
|---|---|
| Formato: | Libro |
| Idioma: | francés |
| Publicado: |
París
Librairie Générales de Droit et de Jurisprudence
1962
|
| Subjects: | |
| Tags: |
Engadir etiqueta
Sen Etiquetas, Sexa o primeiro en etiquetar este rexistro!
|
MARC
| LEADER | 00000nam a2200000 a 4500 | ||
|---|---|---|---|
| 001 | UCV1812 | ||
| 003 | CL-VaPUC | ||
| 008 | 910325e19620000FR |||||||||||||||||fre|d | ||
| 082 | 0 | 4 | |a 301.158 |b OUD |2 21 |
| 100 | |a Oudin, Bernard |e auteur |9 296016 | ||
| 245 | 1 | 4 | |a Les corporations allemandes d'étudiants |
| 300 | |a 163 p | ||
| 942 | |c BK | ||
| 945 | |d 19910325 00:00:00 | ||
| 260 | |a París |b Librairie Générales de Droit et de Jurisprudence |c 1962 | ||
| 650 | 0 | |a Asociaciones de estudiantes |9 256872 | |
| 651 | 7 | |a CHILE |2 CL-VaPUC |9 296017 | |
| 583 | |a last modification |c 19910325 00:00:00 |k Rodrigo Vera | ||
| 999 | |c 209612 |d 209610 | ||
| 952 | |0 0 |1 0 |4 0 |6 301_158000000000000_OUD_1962 |7 0 |8 P |9 185126 |a BIBDER |b BIBDER |d 2019-11-14 |i 2525666 |o 301.158 OUD 1962 |p 2525666 |r 2023-01-25 |w 2019-11-14 |y BK |k DER | ||